Choose which country this city/town is in. - Statistics

General Stats
  • This quiz has been taken 35 times
    24 since last reset
  • The average score is 10 of 20
Answer Stats
Question Answer % Correct
Ngwenya Eswatini
100%
Majuro Marshall Islands
100%
Samdrup Jongkhar Bhutan
75%
Chemnitz Germany
75%
Baikonur Kazakhstan
75%
Vulcănești Moldova
75%
Añisoc Equatorial Guinea
50%
Upper Conference Grenada
50%
Alexishafen Papua New Guinea
50%
Cagayan de Oro Philippines
50%
Rimavská Sobota Slovakia
50%
Gizo Solomon Islands
50%
Sant Julià de Lòria Andorra
25%
Mersa Fatuma Eritrea
25%
Lambaréné Gabon
25%
Bhopal India
25%
Nueva Guinea Nicaragua
25%
Quetta Pakistan
25%
Karakol Kyrgyzstan
0%
Agadez Niger
0%
No matching quizzes found
Score Distribution
Percent of People with Each Score
Percentile by Number Answered
Your Score History
You have not taken this quiz since the last reset